000 00307nam a2200133Ia 4500
005 20251222140040.0
008 251222s1900||||xx |||||||||||||| ||spa||
020 _a8811504309
082 _aREF.100 R34
245 0 _aEnciclopedia Garzanti di FilosofĂ­a
250 _a2a.
264 _bGarzanti
942 _cLIB
999 _c3249
_d3249